| 000 | 00769cam a2200241 a 4500 | ||
|---|---|---|---|
| 001 | 2579961 | ||
| 005 | 20180223081048.0 | ||
| 008 | 960806s1997 njua b 001 0 eng | ||
| 010 | _a 96027721 | ||
| 020 | _a0131041592 | ||
| 040 |
_aDLC _cDLC _dDLC |
||
| 041 | _aeng | ||
| 043 | _an-us--- | ||
| 080 | _a372.5044/0973 jac | ||
| 082 | 0 | 0 |
_a372.5044/0973 jac _220 |
| 100 | 1 | _a48 | |
| 101 | _a48 | ||
| 245 | 1 | 0 |
_aTeaching children art / _cJack A. Hobbs, Jean C. Rush. |
| 504 | _aIncludes bibliographical references (p. 366-374) and index. | ||
| 906 |
_a7 _bcbc _corignew _d1 _eocip _f19 _gy-gencatlg |
||
| 942 |
_2ddc _cBK |
||
| 999 |
_c43291 _d43291 |
||